Μελέτη της βενθικής μακροπανίδας ως περιβαλλοντική συνιστώσα για την πιθανή εξόρυξη υποθαλλάσιων αδρανών υλικών στον κόλπο Κισσάμου Κρήτης : πτυχιακή εργασία

Η παρούσα εργασία, επιχειρεί να αναλύσει τη δομή της μακροβενθικής βιοκοινότητας κινητού υποστρώματος, στον κόλπο Κισσάμου Κρήτης. Η δειγματοληψία περιέλαβε 8 σταθμούς στο νότιο τμήμα του κόλπου, με τους μισούς να προσεγγίζουν την ισοβαθή των 10m και τους άλλους μισούς αυτή των 50m. Οι σταθμοί χωρίσ...

Πλήρης περιγραφή

Αποθηκεύτηκε σε:
Λεπτομέρειες βιβλιογραφικής εγγραφής
Κύριος συγγραφέας: Τσιριντάνης, Κωνσταντίνος
Συγγραφή απο Οργανισμό/Αρχή: Πανεπιστήμιο Αιγαίου Σχολή Περιβάλλοντος Τμήμα Επιστημών της Θάλασσας
Μορφή: Thesis Βιβλίο
Γλώσσα:Greek
Δημοσίευση: 2015.
Θέματα:
Διαθέσιμο Online:http://hdl.handle.net/11610/16925
Ετικέτες: Προσθήκη ετικέτας
Δεν υπάρχουν, Καταχωρήστε ετικέτα πρώτοι!

MARC

LEADER 00000cam a2200000 a 4500
001 1/113359
008 170313s2015####gr | ||| |||| ||gre||
040 |a GR-MyUa  |b gre  |c GR-MyUa  |e AACR2 
041 0 |a gre 
082 7 |a 577.77   |2 (23) 
100 1 |a Τσιριντάνης, Κωνσταντίνος. 
245 1 0 |a Μελέτη της βενθικής μακροπανίδας ως περιβαλλοντική συνιστώσα για την πιθανή εξόρυξη υποθαλλάσιων αδρανών υλικών στον κόλπο Κισσάμου Κρήτης :   |b πτυχιακή εργασία /   |c Τσιριντάνης Κωνσταντίνος ; επιβλέπων καθηγητής: Κουτσούμπας Δρόσος.  
260 |c 2015.  
300 |a 69 σ. :   |b εικ., πιν. ;   |c 29 εκ.  
502 |a Πτυχιακή εργασία – Πανεπιστήμιο Αιγαίου, Λέσβος, 2015. 
504 |a Βιβλιογραφία: σ. 65-69.  
506 1 |a Ηλεκτρονική διάθεση στο πλήρες κείμενο - περιορισμένης πρόσβασης ;   |d Ελεύθερη διάθεση μόνο στα μέλη του Πανεπιστημίου Αιγαίου.  
520 8 |a Η παρούσα εργασία, επιχειρεί να αναλύσει τη δομή της μακροβενθικής βιοκοινότητας κινητού υποστρώματος, στον κόλπο Κισσάμου Κρήτης. Η δειγματοληψία περιέλαβε 8 σταθμούς στο νότιο τμήμα του κόλπου, με τους μισούς να προσεγγίζουν την ισοβαθή των 10m και τους άλλους μισούς αυτή των 50m. Οι σταθμοί χωρίστηκαν σε 4 διατομές και σε κάθε σταθμό συλλέχθηκαν 2 επαναληπτικά δείγματα. Η περιοχή μελέτης αποτελεί πιθανή μελλοντική θέση για εξόρυξη υποθαλάσσιων αδρανών υλικών και στόχος της εργασίας ήταν να μπορέσει να λειτουργήσει ως ένα υπόβαθρο πληροφορίας μέσω της καταγραφής των μακροβενθικών συνευρέσεων, της ανάλυσης των προτύπων κατανομής τους και του συσχετισμού τους με τα περιβαλλοντικά χαρακτηριστικά της περιοχής που τις επηρεάζουν. Οι μέθοδοι που ακολουθήθηκαν περιέλαβαν τον υπολογισμό της αριθμητικής αφθονίας, του πλούτου ειδών, της ποικιλότητας και της ισοδιανομής της βιοκοινότητας των μακροβενθικών ασπονδύλων. Τα είδη του μακροβένθους, αναλύονται στη συνέχεια με τη βοήθεια πολυμεταβλητών μεθόδων, ώστε να εντοπισθούν τα πρότυπα κατανομής τους. Τα βιολογικά δεδομένα, χρησιμοποιούνται επίσης στον υπολογισμό της οικολογικής κατάστασης της περιοχής, με τη βοήθεια των δεικτών BENTIX, AMBI και M-AMBI. 
650 0 |a Benthos  |z Greece  |z Chania (Nome) 
650 0 |a Marine biodiversity. 
650 0 |a Marine biodiversity  |z Greece  |z Chania (Nome) 
650 0 |a Marine ecology. 
650 0 |a Marine ecology  |z Greece  |z Chania (Nome) 
700 1 |a Κουτσούμπας, Δρόσος,  |e dgs 
710 2 |a Πανεπιστήμιο Αιγαίου  |b Σχολή Περιβάλλοντος  |b Τμήμα Επιστημών της Θάλασσας. 
852 |a INST  |b LESVOS  |c DIATR  |e 20170313  |h 963  |p 005100059420  |q 005100059420  |t DIE  |y 23 
856 |u http://hdl.handle.net/11610/16925 
924 |a Τσιριντάνης   |b Κωνσταντίνος  |y Λέσβος  |z 2015-11 
970 |a Πατσή   |b Ανθίππη   |z 13-03-2017